000 02241nam0a2200421 4500
001 RU\NLR\bibl\1034660
005 20260607063404.0
010 _a5-484-00637-6
010 _a978-5-484-00637-3
021 _aRU
_b2006-68885
_93464
035 _a(nilc)RSL-KNO-002962470
035 _a(NLR Aleph) 001022102
090 _a705085
_c705085
100 _a20061107d2006 |||y0rusy50 ca
101 1 _arus
_cfre
102 _aRU
105 _ay zzzz|||||
106 _ar
200 1 _aАлексис Токвиль и либеральная демократия
_fЕ. д'Эйхталь
_gпод ред. и с предисл. Н. И. Кареева
_gпер. с фр. М. Г. Васильевского
205 _aИзд. 2-е, стер.
210 _aМосква
_cURSS
_cКомКнига
_d2006
215 _a141 с.
_d22
225 1 _aИз наследия философской мысли
_iСоциальная философия
320 _aБиблиогр. в подстроч. примеч.
600 1 _aТоквиль
_bА.
_f1805 - 1859
_gАлексис де
_xФилософские взгляды
_91773585
_3RU\NLR\auth\661091289
610 0 _aИстория. Исторические науки -- История зарубежных стран -- Франция -- 1789-1870 -- Токвиль, Алексис де (1805-1859) - государственный и политический деятель
610 0 _aСоциология -- История социологии -- Социология Франции -- Социальная мысль нового и новейшего времени до XX в. -- Токвиль Алексис (1805-1856) -- социологические взгляды
686 _aТ3(4Фр)51-8Токвиль, Алексис де,02
_2rubbk
686 _aС51(4Фр)5-8Токвиль А.,0
_2rubbk
686 _aЮ3(4Фр)6
700 1 _aЭйхталь
_bЭ. д'
_f1844-1936
_gЭжен д'
_4070
702 1 _4570
_7ca
_8rus
_aТоквиль
_bА. де
_f1805-1859
_gАлексис де
_9120300
_3RU\NLR\auth\7710532
801 0 _aRU
_bРКП
_c20061107
_grcr
801 1 _aRU
_bРГБ
_c20061107
801 2 _aRU
_bNLR
_c20070123
_grcr
942 _cBOOK
980 _aNB